Explore : (Record no. 8268)

MARC details
000 -LEADER
fixed length control field 01207nam a22002417a 4500
001 - CONTROL NUMBER
control field 8268
003 - CONTROL NUMBER IDENTIFIER
control field FISKH
005 - DATE AND TIME OF LATEST TRANSACTION
control field 20250905122340.0
008 - FIXED-LENGTH DATA ELEMENTS--GENERAL INFORMATION
fixed length control field 250905b cb ||||| |||| 00| 0 eng d
020 ## - INTERNATIONAL STANDARD BOOK NUMBER
International Standard Book Number 9781607101543
040 ## - CATALOGING SOURCE
Original cataloging agency FISKH
Language of cataloging eng
Transcribing agency FISKH
Modifying agency FISKH
082 ## - DEWEY DECIMAL CLASSIFICATION NUMBER
Classification number 597.9
100 ## - MAIN ENTRY--PERSONAL NAME
Personal name Pledger, Maurice
245 ## - TITLE STATEMENT
Title Explore :
Remainder of title Reptiles /
Statement of responsibility, etc. By Maurice Pledger
260 ## - PUBLICATION, DISTRIBUTION, ETC.
Place of publication, distribution, etc. San Diego :
Name of publisher, distributor, etc. Silver Dolphins Books ,
Date of publication, distribution, etc. 2010.
300 ## - PHYSICAL DESCRIPTION
Extent 20 unnumbered pages :
Other physical details color illustrations ;
Dimensions 26 x 30 cm .
505 ## - FORMATTED CONTENTS NOTE
Formatted contents note K <br/>
520 ## - SUMMARY, ETC.
Summary, etc. They're scaly and scary, colorful and cute, poisonous and powerful. They're reptiles! Discover amazing reptiles in Explore: Reptiles, new from best-selling illustrator Maurice Pledger. Texture patches and amazing moving pictures bring the illustrations to life, while flaps, fact boxes and booklets explain all the cool stuff in a way that appeals to young readers. Kids can smile at crocodiles, lounge with lizards, and clown with chameleons as they meet extraordinary animals on every page. A slithering, scintillating time is in store for all!
521 8# - TARGET AUDIENCE NOTE
Target audience note 510 <br/>
Source Lexile estimate <br/>
521 8# - TARGET AUDIENCE NOTE
Target audience note K<br/>
Source Raz-Plus <br/>
942 ## - ADDED ENTRY ELEMENTS (KOHA)
Source of classification or shelving scheme Dewey Decimal Classification
Koha item type Books
Suppress in OPAC No
Holdings
Withdrawn status Lost status Source of classification or shelving scheme Damaged status Not for loan Collection Home library Current library Shelving location Date acquired Total Checkouts Full call number Barcode Date due Date last seen Date last checked out Copy number Price effective from Koha item type
    Dewey Decimal Classification     Juvenile Fiction Footprints International School Library Network Toul Tom Poung Campus Footprints International School Library Network Toul Tom Poung Campus TTP Primary Yellow Bookshelves 09/05/2025 4 PLE 597.9 2025-4385 03/25/2026 03/11/2026 03/11/2026 1 09/05/2025 Books
    Dewey Decimal Classification     Juvenile Fiction Footprints International School Library Network Toul Tom Poung Campus Footprints International School Library Network Toul Tom Poung Campus TTP Primary Yellow Bookshelves 09/05/2025 2 PLE 597.9 2025-4386   04/29/2026 03/27/2026 2 09/05/2025 Books